Vitalita v nápojoch

Zdravší životný štýl sa prejavil i v nových trendoch v oblasti nealkoholických nápojov a minerálnych vôd. Čo sú nealkoholické nápoje? Ich spotreba v litroch na obyvateľa v SR. Rôzne skupiny nealkoholických nápojov. Trendy v obalovej technike. Smery spotrebiteľského záujmu - rastie výroba i spotreba.

Saved in:
Bibliographic Details
Main Author: Bokorová, Jana
Format: Book Chapter
Language:Slovak
Subjects:
Tags: Add Tag
No Tags, Be the first to tag this record!

MARC

LEADER 00000naa a2200000 4500
001 r041695
005 20231004093557.3
041 0 |a slo 
044 |a SK 
245 1 0 |a Vitalita v nápojoch  |c Jana Bokorová 
520 |a Zdravší životný štýl sa prejavil i v nových trendoch v oblasti nealkoholických nápojov a minerálnych vôd. Čo sú nealkoholické nápoje? Ich spotreba v litroch na obyvateľa v SR. Rôzne skupiny nealkoholických nápojov. Trendy v obalovej technike. Smery spotrebiteľského záujmu - rastie výroba i spotreba. 
610 2 0 |a nápoje nealkoholické 
610 2 0 |a spotreba 
610 2 0 |a spotreba obyvateľstva 
610 2 0 |a štruktúra výrobkov 
610 2 0 |a obaly 
610 2 0 |a Slovensko 
100 1 |a Bokorová, Jana